000 00401nam a22001697a 4500
003 OSt
020 _a9788131518373
082 _a658.4012
_bHIL/ST
100 _aCharies W L Hill
_aGareth R Jones
245 _aStrategic Management
250 _a9th
260 _aNew Delhi
_bCengage Learning
_c2014
300 _a455
650 _aGlobal Strategy
700 _aCharies W L Hill
942 _2ddc
_cBK
999 _c189261
_d189261